[Event "Mittelrhein Regionalliga 16/17"]
[Site "Nordrheinwestfalen"]
[Date "2016.11.27"]
[Round "4.3"]
[White "Schloemer, Armin"]
[Black "Lytchak, Boris"]
[Result "1-0"]
[WhiteElo "1889"]
[BlackElo "2116"]
[PlyCount "80"]
[EventDate "2016.09.11"]
[EventType "team-tourn"]
[EventRounds "11"]
[EventCountry "GER"]
[SourceTitle "EXT 2022"]
[Source "ChessBase"]
[SourceDate "2021.10.06"]
[SourceVersion "1"]
[SourceVersionDate "2021.10.06"]
[SourceQuality "1"]
[WhiteTeam "Aachen DJK Aufwärts III"]
[BlackTeam "Porz SG III"]
[WhiteTeamCountry "GER"]
[BlackTeamCountry "GER"]

1. Nf3 Nf6 2. g3 g6 3. Bg2 Bg7 4. c4 0-0 5. Nc3 d5 6. cxd5 Nxd5 7. 0-0 c5 8. a3 Nc6 9. Qc2 b6 10. b3 Bb7 11. Bb2 Nd4 12. Nxd4 cxd4 13. Na4 Qd6 14. Qd3 e5 15. e3 f5 16. f3 b5 17. Qxb5 Ba6 18. Qc5 Qxc5 19. Nxc5 Bxf1 20. Bxf1 Nc7 21. Bc4+ Kh8 22. e4 fxe4 23. Nxe4 h6 24. Kg2 Rfd8 25. a4 Nd5 26. Nc5 a5 27. Ne6 Rd6 28. Bxd5 Rxd5 29. Nc7 Rdd8 30. Nxa8 Rxa8 31. Ba3 Rb8 32. Rb1 Kg8 33. Bd6 Rb7 34. b4 axb4 35. Rxb4 Ra7 36. Bc5 Ra6 37. f4 exf4 38. gxf4 d3 39. Kf3 Rc6 40. Rb5 Kf7 1-0

[Event "Maastricht Limburg op-B 8th"]
[Site "Maastricht"]
[Date "2014.06.08"]
[Round "5"]
[White "Van Hoorn, Geert"]
[Black "Schloemer, Armin"]
[Result "1-0"]
[WhiteElo "1695"]
[BlackElo "1880"]
[PlyCount "43"]
[EventDate "2014.06.06"]
[EventType "swiss"]
[EventRounds "7"]
[EventCountry "NED"]
[SourceTitle "EXT 2015"]
[Source "ChessBase"]
[SourceDate "2014.11.20"]
[SourceVersion "1"]
[SourceVersionDate "2014.11.20"]
[SourceQuality "1"]

1. e4 c5 2. Nc3 e6 3. f4 d6 4. Nf3 Nd7 5. Bb5 Qc7 6. 0-0 a6 7. Bxd7+ Bxd7 8. d4 cxd4 9. Qxd4 d5 10. Be3 dxe4 11. Nxe4 Rc8 12. Rfd1 f5 13. Nd6+ Bxd6 14. Qxd6 Qxd6 15. Rxd6 Ke7 16. Rad1 Nf6 17. Ne5 Bb5 18. Rb6 Rc7 19. c4 Bd7 20. Rdd6 Bc6 21. Bc5 Be8 22. Rd7# 1-0

[Event "Maastricht Limburg op-B 7th"]
[Site "Maastricht"]
[Date "2013.05.19"]
[Round "5"]
[White "Schloemer, Armin"]
[Black "Staudte, Rainer"]
[Result "1/2-1/2"]
[WhiteElo "1877"]
[BlackElo "1930"]
[PlyCount "110"]
[EventDate "2013.05.17"]
[EventType "swiss"]
[EventRounds "7"]
[EventCountry "NED"]
[SourceTitle "EXT 2014"]
[Source "ChessBase"]
[SourceDate "2013.11.20"]
[SourceVersion "1"]
[SourceVersionDate "2013.11.20"]
[SourceQuality "1"]

1. Nf3 c5 2. c4 Nf6 3. g3 d5 4. cxd5 Nxd5 5. Bg2 Nc6 6. Qb3 e6 7. 0-0 Be7 8. Rd1 Qb6 9. Nc3 Qxb3 10. axb3 0-0 11. Nxd5 exd5 12. d4 Be6 13. dxc5 Bxc5 14. Ng5 Rfd8 15. Nxe6 fxe6 16. Bg5 Rf8 17. e3 Bb6 18. b4 a6 19. Bf4 Rfd8 20. Ra4 h6 21. g4 d4 22. b5 axb5 23. Rxa8 Rxa8 24. exd4 g5 25. Be3 Rd8 26. d5 Bxe3 27. fxe3 Ne5 28. Rd4 exd5 29. Bxd5+ Kf8 30. b3 Nc6 31. Rd1 Ke7 32. e4 Nb4 33. Re1 b6 34. Kg2 Rc8 35. Re2 Nd3 36. Rd2 Nf4+ 37. Kf2 Rc3 38. Bg8 Rh3 39. Kf1 Rf3+ 40. Rf2 Rxf2+ 41. Kxf2 Kd6 42. Ke3 Ke5 43. b4 Ng6 44. Bf7 Ne7 45. Be8 Nc8 46. Bxb5 Nd6 47. Bd3 Ne8 48. h3 Nd6 49. Bc2 Nc4+ 50. Kd3 Nd6 51. Ke3 Ne8 52. Ba4 Nd6 53. Bc6 Nc4+ 54. Kd3 Nd6 55. Bd5 Ne8 1/2-1/2

[Event "Maastricht Limburg op-B 7th"]
[Site "Maastricht"]
[Date "2013.05.18"]
[Round "3"]
[White "Schloemer, Armin"]
[Black "Verbruggen, Samuel"]
[Result "1-0"]
[WhiteElo "1877"]
[BlackElo "1923"]
[PlyCount "81"]
[EventDate "2013.05.17"]
[EventType "swiss"]
[EventRounds "7"]
[EventCountry "NED"]
[SourceTitle "EXT 2014"]
[Source "ChessBase"]
[SourceDate "2013.11.20"]
[SourceVersion "1"]
[SourceVersionDate "2013.11.20"]
[SourceQuality "1"]

1. Nf3 Nf6 2. c4 c5 3. g3 b6 4. Bg2 Bb7 5. 0-0 e6 6. Nc3 Be7 7. d4 cxd4 8. Qxd4 d6 9. Bg5 a6 10. Rfd1 Nbd7 11. b4 Qc7 12. Na4 Rb8 13. Rac1 0-0 14. Nc3 Rfc8 15. e4 Bf8 16. Bf1 h6 17. Bxf6 Nxf6 18. Nd2 Re8 19. Bg2 Rbc8 20. a3 Ba8 21. Ne2 Qb8 22. Nf1 Nd7 23. Ne3 Rc7 24. f4 Rec8 25. f5 b5 26. fxe6 fxe6 27. Bh3 Re8 28. Rf1 Nf6 29. Rxf6 gxf6 30. Qxf6 Bg7 31. Bxe6+ Kh8 32. Qg6 Rxe6 33. Qxe6 Qa7 34. c5 dxc5 35. bxc5 Rxc5 36. Rd1 Re5 37. Rd8+ Kh7 38. Qg8+ Kg6 39. Rd6+ Kg5 40. h4+ Kh5 41. Nf4# 1-0

[Event "Maastricht Limburg op-B 5th"]
[Site "Maastricht"]
[Date "2011.06.10"]
[Round "1"]
[White "Schloemer, Armin"]
[Black "Van Foreest, Lucas"]
[Result "0-1"]
[WhiteElo "1717"]
[BlackElo "1874"]
[PlyCount "118"]
[EventDate "2011.06.10"]
[EventType "swiss"]
[EventRounds "7"]
[EventCountry "NED"]
[SourceTitle "EXT 2012"]
[Source "ChessBase"]
[SourceDate "2011.11.24"]
[SourceVersion "1"]
[SourceVersionDate "2011.11.24"]
[SourceQuality "1"]

1. e4 e5 2. f4 Nc6 3. Nf3 Bc5 4. c3 d6 5. Bb5 Bg4 6. h3 Bxf3 7. Qxf3 Nge7 8. d3 0-0 9. f5 f6 10. Bc4+ Kh8 11. g4 Nb8 12. g5 fxg5 13. Bxg5 Nd7 14. h4 Nf6 15. Nd2 c6 16. Nb3 Bb6 17. Be6 d5 18. 0-0-0 a5 19. h5 h6 20. Be3 Bxe3+ 21. Qxe3 a4 22. Nd2 d4 23. cxd4 exd4 24. Qf3 a3 25. b3 Qa5 26. Nc4 Qc5 27. Rhg1 Nh7 28. Qg3 Ng5 29. Qd6 Qxd6 30. Nxd6 b5 31. e5 Kh7 32. Rdf1 Nd5 33. Bxd5 cxd5 34. f6 gxf6 35. Rxf6 Rxf6 36. exf6 Ra6 37. Ne8 Re6 38. f7 Nxf7 39. Rg7+ Kh8 40. Rxf7 Rxe8 41. Rf6 Kg7 42. Rf1 Re5 43. Rf4 Rxh5 44. Rxd4 Rg5 45. Rb4 h5 46. Rxb5 h4 47. Rb4 Rh5 48. Rg4+ Kf6 49. Kd2 h3 50. Rg1 h2 51. Rh1 d4 52. b4 Ke5 53. Ke2 Rh3 54. Kf1 Kd5 55. Kg2 Rxd3 56. Re1 Rd2+ 57. Kh1 Rxa2 58. Rd1 Rb2 59. Ra1 a2 0-1

[Event "GER-ch Net qual1 U18"]
[Site "Playchess.com INT"]
[Date "2011.05.01"]
[Round "3"]
[White "Cofman, Veaceslav"]
[Black "Schloemer, Armin"]
[Result "1-0"]
[WhiteElo "2127"]
[BlackElo "1610"]
[PlyCount "65"]
[EventDate "2011.05.01"]
[EventType "swiss (blitz)"]
[EventRounds "7"]
[EventCountry "GER"]
[SourceTitle "CBM 142 Extra"]
[Source "ChessBase"]
[SourceDate "2011.06.27"]
[SourceVersion "1"]
[SourceVersionDate "2011.06.27"]
[SourceQuality "1"]

1. d4 Nf6 2. c4 e6 3. Nc3 Bb4 4. Qc2 b6 5. Bg5 Be7 6. Nf3 c5 7. e4 cxd4 8. Nxd4 Bb7 9. Bd3 Nc6 10. Nxc6 dxc6 11. 0-0 c5 12. Rad1 Qc7 13. f4 a6 14. e5 Ng4 15. Bxe7 Qxe7 16. Qe2 h5 17. Be4 g6 18. Bxb7 Qxb7 19. Ne4 0-0 20. h3 Nh6 21. g4 hxg4 22. hxg4 Rad8 23. Nf6+ Kg7 24. Rxd8 Rxd8 25. Rd1 Qc7 26. Rd3 Rxd3 27. Qxd3 Qe7 28. Kf2 Ng8 29. g5 Qb7 30. Qd8 Nxf6 31. gxf6+ Kh7 32. Qf8 Qg2+ 33. Kxg2 1-0

[Event "GER-chT U16"]
[Site "Verden an der Aller"]
[Date "2009.12.29"]
[Round "6.3"]
[White "Vossen, Daniel"]
[Black "Schloemer, Armin"]
[Result "0-1"]
[WhiteElo "1752"]
[BlackElo "1607"]
[PlyCount "126"]
[EventDate "2009.12.27"]
[EventType "team-swiss"]
[EventRounds "7"]
[EventCountry "GER"]
[SourceTitle "EXT 2022"]
[Source "ChessBase"]
[SourceDate "2021.10.06"]
[SourceVersion "1"]
[SourceVersionDate "2021.10.06"]
[SourceQuality "1"]
[WhiteTeam "Koblenz VfR U16"]
[BlackTeam "Heinsberg U16"]
[WhiteTeamCountry "GER"]
[BlackTeamCountry "GER"]

1. d4 Nf6 2. c4 d6 3. Nc3 g6 4. e4 Bg7 5. f3 a5 6. Be3 0-0 7. Qd2 e5 8. d5 Na6 9. Be2 Nd7 10. h4 Nf6 11. Bh6 Nh5 12. g4 Nf4 13. Bxf4 exf4 14. Qxf4 Be5 15. Qe3 Bg3+ 16. Kd1 Bxh4 17. Qh6 g5 18. f4 f6 19. Nf3 Rf7 20. Nxh4 gxh4 21. Qxh4 Qe7 22. Kd2 Nc5 23. Bf3 Bd7 24. Rae1 Rg7 25. Rhg1 Rf8 26. Kc2 Rff7 27. Rg3 f5 28. Qh3 fxg4 29. Bxg4 Rxf4 30. Bxd7 Rf2+ 31. Kb1 Qxd7 32. Rxg7+ Qxg7 33. Qe3 Qg2 34. Nd1 Rf1 35. Rxf1 Qxf1 36. Qg5+ Kf7 37. Qf5+ Qxf5 38. exf5 Kf6 39. Ne3 Ne4 40. Kc2 Ng3 41. Kd3 Nxf5 42. Ng2 Kg5 43. Ke4 Kg4 44. Ne1 Ng3+ 45. Ke3 h5 46. Nf3 Nf5+ 47. Kf2 h4 48. a3 a4 49. Nxh4 Kxh4 50. Ke2 Nd4+ 51. Kd3 Nb3 52. Kc3 Kg4 53. Kb4 Nc5 54. Kb5 Kf4 55. Ka5 Ke4 56. Kb4 Kd3 57. Ka5 Kc2 58. Kb4 Kxb2 59. Kb5 Kxa3 60. Ka5 Kb3 61. Kb5 a3 62. Ka5 a2 63. Kb5 Kc3 0-1